KOHA-Header-6

GATE (Record no. 12842)

000 -LEADER
fixed length control field 00210nam a22001097a 4500
020 ## - INTERNATIONAL STANDARD BOOK NUMBER
ISBN 9789353061319
082 ## - DEWEY DECIMAL CLASSIFICATION NUMBER
Classification number 371.26
100 ## - MAIN ENTRY--AUTHOR NAME
Personal name Dr.Nilam
245 ## - TITLE STATEMENT
Title GATE
260 ## - PUBLICATION, DISTRIBUTION, ETC. (IMPRINT)
Place of publication India
Name of publisher Pearson
Year of publication 2018
942 ## - ADDED ENTRY ELEMENTS (KOHA)
Koha item type Books
Holdings
Withdrawn status Lost status Collection code Permanent Location Current Location Shelving location Date acquired Full call number Accession Number Koha item type
    Aptitude Tests MAJU MAJU Shelf No.A22 2020-12-10 371.26 9967 Aptitude Tests

Powered by Koha